01520nam a2200289 i 450000100060000000300090000600500170001500700030003200800410003502000180007624503690009426000810046330000300054450000440057450001060061860000500072460000670077461000350084165000530087665500480092970000370097770000360101485200330105094200080108399900170109195201220110866898ES-MaACL20230906165901.0t|040419s2003 sp ||||1| spa d a84-87622-74-700aPecharromán y Gaudí [hexposición] b: espacios del color en la arquitectura : actos conmemorativos del 150 aniversario del nacimiento de Antonio Gaudí = Pecharromán to Gaudí : spaces of color in architecture : commemorative events of Antonio Gaudí's 150th birth anniversary / c[textos Carmelo Arribas Pérez ; traducción Javier Gallego Alvarez]. aMérida : bAsamblea de Extremadura, Departamento de Publicaciones,c[2003] a121 p. : bil. ; c31 cm. aTexto paralelo en español e inglés. aExposición celebrada en el Patio Noble de la Asamblea de Extremadura, Mérida, mayo-junio de 2003.14aPecharromán, Ricardo-vExposiciones.98984214aGaudí, Antoni-xInfluencia - Pecharromán, Ricardo.920585317aExtremadura. bAsamblea.94050 4aPintura española-yS.XX-vExposiciones.916043 72tgfbne9193628aCatálogos de exposiciones1 aArribas Pérez, Carmelo.9232961 aGallego Alvarez, Javier.953548 aES-MaACLjL-27373 bR.133647 2udc c66898d66898 00104070aATENEOMbATENEOMcDEPO2d2008-01-17eSCl0oL-27373p1070069r2023-02-23 00:00:00w2023-02-23yMONOGRAFIA